000
00276nam a2200109Ia 4500
008
220204s9999 xx 000 0 und d
082
_a
82-3
_b
KEE
100
_a
Keene, Carolyn
245
0
_a
Mystery of the Wax Queen
260
_a
New York
_b
Grosset and Dunlap
_c
1972
942
_c
BK
999
_c
37648
_d
37648